Datum a čas kvízu
28.5
Celkem bodů
Celkový počet nahraných bodů na tomto kvízu bez doplňovacích otázek.
6.
Pořadí na kvízu
Konečné umístění týmu na tomto kvízu.
Zaznamenané odpovědi
| # | Otázka | Odpověď | Body | Výsledky |
|---|---|---|---|---|
| 1. | V nablýskaném vozu značky Roll... | Filip Turek, Brusel | 1 | |
| 2. | Minulý týden rozsáhlý výpadek... | CrowdStrike | 0 | |
| 3. | Jak se jmenuje slavný americký... | Travis Scott | 0 | |
| 4. | Česká obchodní inspekce minulý... | Penny Market | 1 | |
| 5. | Bývalý pilot F1 učinil minulý... | Ralf Schumacher | 1 | |
| 6. | Na hudební téma Přátelství z m... | v 18. století | 1 | |
| 7. | Ve které filmové sérii se obje... | Toy Story: Příběh hraček | 0 | |
| 8. | Zprovoznění sociální sítě Face... | B | 1 | |
| 9. | Kterým slovem na F označují če... | frazém | 1 | |
| 10. | Huckleberry Finn je jednou ze... | Mark Twain, Dobrodružství Toma Sawyera | 1 |